Northeast U.S by Picture - Statistics

General Stats
  • This quiz has been taken 187 times
  • The average score is 14 of 18
Answer Stats
Picture Hint Answer % Correct
landmark Statue of Liberty
99%
president John F Kennedy
97%
sea creature Lobster
96%
landmark White House
95%
landmark Niagara Falls
94%
founding father Benjamin Franklin
91%
college Harvard University
91%
food Maple Syrup
91%
athlete Tom Brady
83%
meal Clam Chowder
81%
monument Lincoln Memorial
80%
state Delaware
75%
city Philadelphia
73%
ship Mayflower
70%
national park Acadia
59%
town Gettysburg
56%
city Baltimore
52%
river East River
51%
No matching quizzes found
Score Distribution
Percent of People with Each Score
Percentile by Number Answered
Your Score History
You have not taken this quiz